000 00319cam a2200121 4500
008 140428n 000 0 eng u
035 _a(Sirsi) a183268
050 _aCOL. COL 2014.01
100 _aLeidheiser,V.C.
245 _aMy African Advernture/Virginia Colson Leidheiser.
500 _amanuscript
260 _a2010
999 _c23729
_d23729